| 000 | 00446nam a22001697a 4500 | ||
|---|---|---|---|
| 003 | NUST-PNEC | ||
| 005 | 20170116180705.0 | ||
| 008 | 140920b xxu||||| |||| 00| 0 eng d | ||
| 040 | _cPNEC | ||
| 082 | _a380.02945491 WTP | ||
| 100 |
_9317 _aWTP |
||
| 245 |
_aIndustrial source book of Pakistan 2008-09 _cWTP |
||
| 260 |
_aKarachi _bWorld Trade Publishers, Karachi _c2009 |
||
| 300 |
_a557 p. : _bill. : _c29 cm. |
||
| 650 | _xIME | ||
| 942 |
_2ddc _cBK |
||
| 999 |
_c60687 _d60687 |
||